| 000 | 00404nam a2200157Ia 4500 | ||
|---|---|---|---|
| 008 | 210719s1899 xx 000 0 und d | ||
| 041 | _aeng | ||
| 082 | _a954.87 BOWR | ||
| 100 | _aBOWRING (Lewin B) | ||
| 245 | _aRulers of India:Haidar Ali and Tipu sultan | ||
| 260 |
_bUniversity of Oxford _c1899 |
||
| 300 |
_a251 _bHB |
||
| 650 | _aHistory | ||
| 650 | _aIndian History | ||
| 906 | _aIndia ; Rulers | ||
| 999 |
_c215970 _d215970 |
||